[Event "Koblenz-ch"]
[Site "Koblenz"]
[Date "1999.10.05"]
[Round "3"]
[White "Buttwil, Dirk"]
[Black "Saam, Armin"]
[Result "0-1"]
[WhiteElo "1247"]
[BlackElo "1819"]
[PlyCount "86"]
[EventDate "1999.08.31"]
[EventType "swiss"]
[EventRounds "7"]
[EventCountry "GER"]
[SourceTitle "EXT 2005"]
[Source "ChessBase"]
[SourceDate "2004.11.15"]
[SourceVersion "1"]
[SourceVersionDate "2004.11.15"]
[SourceQuality "1"]

1. d4 Nf6 2. Nc3 d5 3. Nf3 e6 4. a3 c5 5. e3 Be7 6. Bb5+ Nbd7 7. Bd3 0-0 8. 0-0 a6 9. e4 c4 10. e5 cxd3 11. exf6 dxc2 12. Qxc2 Bxf6 13. Bf4 Re8 14. g3 Nf8 15. h4 Ng6 16. Bg5 h6 17. Bxf6 Qxf6 18. Qd3 Bd7 19. Qe3 Bc6 20. Ne5 Ne7 21. Qf3 Nf5 22. Qd3 Rac8 23. Kh2 Nd6 24. f3 Nc4 25. Nxc4 dxc4 26. Qe3 Rcd8 27. Rad1 Rd6 28. Qe5 Red8 29. Qxf6 gxf6 30. Rf2 Rxd4 31. Rxd4 Rxd4 32. f4 e5 33. Kh3 b5 34. Kg4 Kg7 35. Kh3 a5 36. Na2 e4 37. b4 cxb3 38. Nc3 Rc4 39. Nb1 Rc2 40. Rf1 e3 41. Re1 Bg2+ 42. Kg4 e2 43. f5 Rc4+ 0-1